| 000 | 01651cam a22005054i 4500 | ||
|---|---|---|---|
| 003 | PE-LiUPU | ||
| 005 | 20250731184535.0 | ||
| 008 | 171109s2011 mx a r 000 0 spa d | ||
| 020 | _a9786071606990 | ||
| 035 | _a(Sirsi) a240025 | ||
| 040 |
_aPE-LiUPU _bspa _cPE-LiUPU _erda |
||
| 049 | _aPRUA | ||
| 082 | 0 | 4 |
_a945 _bX46 _221 |
| 100 | 1 |
_aXirau, Ramón, _eautor. |
|
| 245 | 1 | 0 |
_aCiudades / _cRamón Xirau. |
| 250 | _aPrimera edición. | ||
| 264 | 1 |
_aMéxico : _bFondo de Cultura Económica, _c2011. |
|
| 300 |
_a128 páginas : _bilustraciones ; _c17 centímetros. |
||
| 336 |
_atext _2rdacontent |
||
| 337 |
_aunmediated _2rdamedia |
||
| 338 |
_avolume _2rdacarrier |
||
| 490 | 0 | _aElibro Catedra | |
| 505 | 0 | _aFlorencia - Siena y unas torres -- Amalfi -- Capri, anacapri, capri -- Sol, azul y pala d´oro -- A la pizza dei signori. | |
| 526 | _aP136 | ||
| 526 | _aP135 | ||
| 526 | _aP134 | ||
| 526 | _aP133 | ||
| 526 | _aP144 | ||
| 526 | _aP143 | ||
| 526 | _aP87 | ||
| 526 | _aP35 | ||
| 526 | _aP20 | ||
| 526 | _aP14 | ||
| 526 | _aP10 | ||
| 526 | _aP06 | ||
| 526 | 8 |
_iPrograma académico : _5PE-LiUPU |
|
| 541 | _g029-799; | ||
| 650 | 0 | 4 | _aModales y costumbres. |
| 650 | 0 | 4 | _aManners and customs. |
| 910 |
_adbm _bksl _cksl _d20171109 |
||
| 942 |
_2ddc _cBOOK |
||
| 994 |
_aC0 _bPEPRU |
||
| 596 | _a1 | ||
| 999 |
_a945 X46 _wLC _c25687 _i76775 _f2021-11-10 _g4 _lCCODEBUL1 _mBUL _p7.43 _r0 _sY _tBOOK _u2017-11-9 _xINGENIERIA _PP06 _0COMPRA _o.STAFF. Colección Ingeniería y Arquitectura _d25687 |
||
| 980 |
_81 _gALBERTO SANCHEZ Responsable de Automatización |
||